Black Annis /

Salvato in:
Dettagli Bibliografici
Autore principale: Moriconi, Virginia
Natura: Libro
Lingua:English
Pubblicazione: London : Duckworth, 1982.
LEADER 00793nam a2200229 a 4500
001 c000111333
003 CARM
005 19991215105344.0
008 820628s1982 enk 000 1 eng
019 1 |a 2281902  |5 LACONCORD2021 
020 |a 0715616730 :  |c L.8.95 
035 |a (OCoLC)9409551  |5 LACONCORD2021 
040 |a LC  |b eng  |c LC  |d SSLP 
050 0 0 |a PS3563.O871644  |b B58 1982 
082 0 4 |a 813/.54  |2 19 
100 1 |a Moriconi, Virginia. 
245 1 0 |a Black Annis /  |c Virginia Moriconi. 
260 |a London :  |b Duckworth,  |c 1982. 
300 |a 251 p. ;  |c 23 cm. 
852 8 |b CARM  |h A2:AG22B0  |i B03204  |p 0157107  |f BK 
999 f f |i 1c6d28b0-d790-5712-988c-dd9c7058aaef  |s eeb9da6e-8555-55e2-bedd-1de8cc2e9726 
952 f f |p Can circulate  |a CAVAL  |b CAVAL  |c CAVAL  |d CARM 1 Store  |e B03204  |f A2:AG22B0  |h Other scheme  |i book  |m 0157107